[Event "Olympiad Women-40"]
[Site "Istanbul"]
[Date "2012.09.05"]
[Round "8.1"]
[White "Munoz, Carolina"]
[Black "Feliciano Ebert, Vanessa"]
[Result "0-1"]
[WhiteElo "1981"]
[BlackElo "2231"]
[PlyCount "120"]
[EventDate "2012.08.28"]
[EventType "team-swiss"]
[EventRounds "11"]
[EventCountry "TUR"]
[SourceTitle "CBM 150 Extra"]
[Source "ChessBase"]
[SourceDate "2012.10.19"]
[SourceVersion "1"]
[SourceVersionDate "2012.10.19"]
[SourceQuality "1"]
[WhiteTeam "Costa Rica (W)"]
[BlackTeam "Brazil (W)"]
[WhiteTeamCountry "CRI"]
[BlackTeamCountry "BRA"]

1. e4 c5 2. Nf3 Nc6 3. Bb5 g6 4. Bxc6 dxc6 5. d3 Bg7 6. h3 Nf6 7. Nc3 Nd7 8. Be3 e5 9. Qd2 Qe7 10. Bh6 f6 11. Nh2 Nf8 12. 0-0-0 Bxh6 13. Qxh6 Ne6 14. Ng4 Bd7 15. Ne2 0-0-0 16. Kb1 Rhf8 17. Qd2 Nd4 18. c3 Ne6 19. g3 h5 20. Ne3 Ng5 21. Ng1 Be6 22. Qc2 f5 23. exf5 gxf5 24. f4 Nf7 25. Ne2 Rg8 26. fxe5 Nxe5 27. d4 Nf3 28. Nxf5 Qf6 29. Ne3 cxd4 30. cxd4 Nxd4 31. Nxd4 Rxd4 32. Rxd4 Qxd4 33. Nf5 Qd7 34. Rf1 Rg5 35. g4 hxg4 36. hxg4 Rxg4 37. Ne3 Rg8 38. Qd1 Qe7 39. Qf3 Rd8 40. Qf2 Qb4 41. Rd1 Rxd1+ 42. Nxd1 Bxa2+ 43. Kxa2 Qa4+ 44. Kb1 Qxd1+ 45. Ka2 Qd5+ 46. Kb1 c5 47. Qf8+ Kc7 48. Qe7+ Kb6 49. Qf6+ Kb5 50. Qf1+ Qc4 51. Qf3 b6 52. Qb7 Qd3+ 53. Ka2 Kb4 54. Qxa7 Qb3+ 55. Kb1 Qd1+ 56. Ka2 Qa4+ 57. Qxa4+ Kxa4 58. b3+ Kb4 59. Kb2 b5 60. Kc2 Ka3 0-1

[Event "Olympiad Women-40"]
[Site "Istanbul"]
[Date "2012.09.04"]
[Round "7.1"]
[White "Munoz, Carolina"]
[Black "Hagesaether, Ellen"]
[Result "0-1"]
[WhiteElo "1981"]
[BlackElo "2230"]
[PlyCount "50"]
[EventDate "2012.08.28"]
[EventType "team-swiss"]
[EventRounds "11"]
[EventCountry "TUR"]
[SourceTitle "CBM 150 Extra"]
[Source "ChessBase"]
[SourceDate "2012.10.19"]
[SourceVersion "1"]
[SourceVersionDate "2012.10.19"]
[SourceQuality "1"]
[WhiteTeam "Costa Rica (W)"]
[BlackTeam "Norway (W)"]
[WhiteTeamCountry "CRI"]
[BlackTeamCountry "NOR"]

1. e4 e5 2. d4 exd4 3. Nf3 Nc6 4. Nxd4 Nf6 5. Nxc6 bxc6 6. e5 Qe7 7. Qe2 Nd5 8. g3 g6 9. Bg2 Bg7 10. c4 Ba6 11. 0-0 0-0 12. Re1 Rfe8 13. Qc2 Nb6 14. Na3 Qc5 15. Be3 Qxe5 16. Bxb6 Qxe1+ 17. Rxe1 Rxe1+ 18. Bf1 axb6 19. Kg2 Rae8 20. Bd3 c5 21. Nb5 Bb7+ 22. Kh3 Bf3 23. Nxc7 R8e5 24. g4 Rg1 25. Bf5 Rxf5 0-1

[Event "Olympiad Women-40"]
[Site "Istanbul"]
[Date "2012.09.01"]
[Round "5.1"]
[White "Tsiganova, Monika"]
[Black "Munoz, Carolina"]
[Result "1-0"]
[WhiteElo "2164"]
[BlackElo "1981"]
[PlyCount "99"]
[EventDate "2012.08.28"]
[EventType "team-swiss"]
[EventRounds "11"]
[EventCountry "TUR"]
[SourceTitle "CBM 150 Extra"]
[Source "ChessBase"]
[SourceDate "2012.10.19"]
[SourceVersion "1"]
[SourceVersionDate "2012.10.19"]
[SourceQuality "1"]
[WhiteTeam "Estonia (W)"]
[BlackTeam "Costa Rica (W)"]
[WhiteTeamCountry "EST"]
[BlackTeamCountry "CRI"]

1. e4 c5 2. Nf3 d6 3. d4 cxd4 4. Nxd4 Nf6 5. Nc3 a6 6. Be3 e5 7. Nb3 Be6 8. Qd2 b5 9. f3 Nbd7 10. g4 Nb6 11. Na5 b4 12. Nd1 d5 13. Nc6 Qd6 14. Nxe5 Qxe5 15. Bxb6 dxe4 16. Bxa6 exf3+ 17. Ne3 f2+ 18. Kf1 Be7 19. Bb7 Rb8 20. Bc6+ Kf8 21. Qd4 Qxd4 22. Bxd4 Nxg4 23. Nxg4 Bxg4 24. Kxf2 Bf5 25. c3 bxc3 26. Bxc3 Bb4 27. Bd4 f6 28. a3 Bd6 29. b4 Bd3 30. Rad1 Bg6 31. Ba7 Rd8 32. Bb6 Rb8 33. Rxd6 Rxb6 34. Rd8+ Ke7 35. Rxh8 Rxc6 36. Re1+ Kd7 37. Rg8 Rc2+ 38. Re2 Rc3 39. Rxg7+ Kc6 40. Re3 Rc2+ 41. Kg3 f5 42. Rge7 f4+ 43. Kxf4 Rxh2 44. Ke5 Rh4 45. Rc3+ Kb6 46. Re6+ Kb7 47. Kd6 Rd4+ 48. Kc5 Rd7 49. b5 Bh5 50. Rce3 1-0

[Event "Olympiad Women-40"]
[Site "Istanbul"]
[Date "2012.08.31"]
[Round "4.1"]
[White "Munoz, Carolina"]
[Black "Sedina, Elena"]
[Result "0-1"]
[WhiteElo "1981"]
[BlackElo "2338"]
[PlyCount "114"]
[EventDate "2012.08.28"]
[EventType "team-swiss"]
[EventRounds "11"]
[EventCountry "TUR"]
[SourceTitle "CBM 150 Extra"]
[Source "ChessBase"]
[SourceDate "2012.10.19"]
[SourceVersion "1"]
[SourceVersionDate "2012.10.19"]
[SourceQuality "1"]
[WhiteTeam "Costa Rica (W)"]
[BlackTeam "Italy (W)"]
[WhiteTeamCountry "CRI"]
[BlackTeamCountry "ITA"]

1. e4 c5 2. Nc3 e6 3. g3 d5 4. d3 Nf6 5. Bg2 Be7 6. exd5 exd5 7. Nge2 d4 8. Ne4 Nxe4 9. Bxe4 Nd7 10. 0-0 0-0 11. Nf4 Nf6 12. Bg2 Bg4 13. Qd2 Rb8 14. h3 Bd7 15. Kh2 Qc8 16. Qd1 Bc6 17. Re1 Re8 18. Bd2 Bd6 19. Rxe8+ Qxe8 20. Qh1 Bxg2 21. Qxg2 Qd7 22. Re1 b5 23. Qf3 Qb7 24. Qxb7 Rxb7 25. Kg2 Kf8 26. Kf3 b4 27. g4 Rb6 28. g5 Ne8 29. Nd5 Ra6 30. Ra1 Nc7 31. Nxc7 Bxc7 32. a4 f6 33. b3 fxg5 34. Bxg5 h6 35. Bh4 Re6 36. Bg3 Bd8 37. Rd1 Bg5 38. h4 Be7 39. Rd2 Kf7 40. Re2 Rxe2 41. Kxe2 Ke6 42. f4 Kf5 43. Kf3 g6 44. Be1 Bd8 45. Bf2 Bc7 46. Bg3 Bd6 47. h5 g5 48. fxg5 Bxg3 49. Kxg3 Kxg5 50. Kf3 Kxh5 51. Ke4 Kg4 52. Kd5 h5 53. Kxc5 h4 54. Kxb4 h3 55. Kc4 h2 56. Kxd4 h1Q 57. Kc5 Qd1 0-1

[Event "Olympiad Women-40"]
[Site "Istanbul"]
[Date "2012.08.30"]
[Round "3.1"]
[White "Munoz, Carolina"]
[Black "Steil Antoni, Fiona"]
[Result "0-1"]
[WhiteElo "1981"]
[BlackElo "2173"]
[PlyCount "56"]
[EventDate "2012.08.28"]
[EventType "team-swiss"]
[EventRounds "11"]
[EventCountry "TUR"]
[SourceTitle "CBM 150 Extra"]
[Source "ChessBase"]
[SourceDate "2012.10.19"]
[SourceVersion "1"]
[SourceVersionDate "2012.10.19"]
[SourceQuality "1"]
[WhiteTeam "Costa Rica (W)"]
[BlackTeam "Luxembourg (W)"]
[WhiteTeamCountry "CRI"]
[BlackTeamCountry "LUX"]

1. e4 e5 2. d4 exd4 3. Nf3 Bc5 4. c3 dxc3 5. Nxc3 Nf6 6. e5 Ng4 7. Ne4 Bb4+ 8. Bd2 Bxd2+ 9. Qxd2 Qe7 10. 0-0-0 Nxe5 11. Nxe5 Qxe5 12. Re1 0-0 13. f4 Qe6 14. Nc3 Qc6 15. Kb1 a6 16. Bd3 d6 17. f5 Nd7 18. Be4 Qc5 19. Nd5 Nf6 20. Nxf6+ gxf6 21. g4 Bd7 22. Qh6 Rfe8 23. g5 Rxe4 24. Rxe4 Qxf5 25. Rhe1 Bc6 26. Kc1 Bxe4 27. gxf6 Qc5+ 28. Kd2 Qd4+ 0-1

[Event "Olympiad Women-40"]
[Site "Istanbul"]
[Date "2012.08.29"]
[Round "2.1"]
[White "Krifa, Najla"]
[Black "Munoz, Carolina"]
[Result "0-1"]
[WhiteElo "1782"]
[BlackElo "1981"]
[PlyCount "110"]
[EventDate "2012.08.28"]
[EventType "team-swiss"]
[EventRounds "11"]
[EventCountry "TUR"]
[SourceTitle "CBM 150 Extra"]
[Source "ChessBase"]
[SourceDate "2012.10.19"]
[SourceVersion "1"]
[SourceVersionDate "2012.10.19"]
[SourceQuality "1"]
[WhiteTeam "Tunisia (W)"]
[BlackTeam "Costa Rica (W)"]
[WhiteTeamCountry "TUN"]
[BlackTeamCountry "CRI"]

1. e4 c5 2. c3 Nf6 3. e5 Nd5 4. d4 cxd4 5. cxd4 Nc6 6. Bc4 Nb6 7. Bb3 d6 8. exd6 Qxd6 9. Be3 Be6 10. Ne2 Bxb3 11. Qxb3 Qb4+ 12. Nd2 e6 13. 0-0 Be7 14. Qc2 0-0 15. a3 Qb5 16. Nc3 Qh5 17. Nf3 Rfd8 18. Rfe1 Bf6 19. Rad1 Rd7 20. Ne2 Rc8 21. Nc3 Rcd8 22. Ne2 Qb5 23. Nc3 Qa5 24. Ne2 Qa4 25. Qxa4 Nxa4 26. Rd2 Nb6 27. Rc1 Nd5 28. Bg5 Bxg5 29. Nxg5 Nde7 30. Rcd1 Nf5 31. Nf3 f6 32. h3 Kf7 33. Kf1 Na5 34. Rc1 Nb3 35. Rcd1 Nxd2+ 36. Rxd2 e5 37. g4 Nxd4 38. Nexd4 exd4 39. Ke2 Ke6 40. Kd3 Rd5 41. Re2+ Kd6 42. Nxd4 Kc5 43. b4+ Kb6 44. Re4 Re5 45. f3 a6 46. Ke3 Rxe4+ 47. fxe4 Rc8 48. Kd2 Rc4 49. Ne6 Rxe4 50. Nxg7 Rf4 51. Ke2 Kb5 52. Nh5 Re4+ 53. Kd3 Re6 54. Nf4 Rc6 55. Ne2 Ka4 0-1

[Event "CRI-chT"]
[Site "San Jose"]
[Date "2012.07.27"]
[Round "6.5"]
[White "Munoz, Carolina"]
[Black "Ortiz, Marcos"]
[Result "1/2-1/2"]
[WhiteElo "1994"]
[BlackElo "2187"]
[PlyCount "114"]
[EventDate "2012.07.22"]
[EventType "team-tourn"]
[EventRounds "9"]
[EventCountry "CRI"]
[SourceTitle "EXT 2013"]
[Source "ChessBase"]
[SourceDate "2012.11.22"]
[SourceVersion "1"]
[SourceVersionDate "2012.11.22"]
[SourceQuality "1"]
[WhiteTeam "Costa Rica Selection (W)"]
[BlackTeam "Pasion Ajedrez.com"]
[WhiteTeamCountry "CRI"]
[BlackTeamCountry "CRI"]

1. e4 c5 2. Nf3 e6 3. d3 Nc6 4. g3 g6 5. Bg2 Bg7 6. 0-0 Nge7 7. Nbd2 0-0 8. Re1 d6 9. Nf1 h6 10. h4 e5 11. Be3 Be6 12. c3 f5 13. Qd2 Kh7 14. h5 gxh5 15. Nh4 f4 16. gxf4 exf4 17. Bxf4 Qd7 18. Ng3 Rf7 19. Nxh5 Bh8 20. Bxh6 Bh3 21. Ng3 Rg8 22. Bf4 Qg4 23. Nhf5 Nxf5 24. exf5 Ne5 25. Bxe5 Bxe5 26. Re4 Qh5 27. Nxh5 Rxg2+ 28. Kf1 Rxf5 29. Rh4 Rgxf2+ 30. Ke1 Rf1+ 31. Ke2 R5f2+ 32. Ke3 Rf3+ 33. Ke4 Bf5+ 34. Kd5 R1f2 35. Qg5 Rxd3+ 36. Kc4 b5+ 37. Kxb5 Rxb2+ 38. Rb4 Bd7+ 39. Ka5 cxb4 40. Nf6+ Bxf6 41. Rh1+ Rh3 42. Rxh3+ Bxh3 43. Qxf6 Bg2 44. cxb4 Rxa2+ 45. Kb5 d5 46. Qh4+ Kg6 47. Kc5 Be4 48. Kd4 Kf5 49. Qh3+ Kf4 50. Qh4+ Kf5 51. Qh5+ Kf4 52. Qh4+ Kf5 53. Qh5+ Kf4 54. Qh4+ Kf5 55. Qh3+ Kf6 56. Qh4+ Kf5 57. Qh3+ Kf6 1/2-1/2

[Event "CRI-chT"]
[Site "San Jose"]
[Date "2012.07.22"]
[Round "2.4"]
[White "Arias Santana, Mauricio"]
[Black "Munoz, Carolina"]
[Result "1-0"]
[WhiteElo "2316"]
[BlackElo "1994"]
[PlyCount "86"]
[EventDate "2012.07.22"]
[EventType "team-tourn"]
[EventRounds "9"]
[EventCountry "CRI"]
[SourceTitle "EXT 2013"]
[Source "ChessBase"]
[SourceDate "2012.11.22"]
[SourceVersion "1"]
[SourceVersionDate "2012.11.22"]
[SourceQuality "1"]
[WhiteTeam "Colegio New Hope"]
[BlackTeam "Costa Rica Selection (W)"]
[WhiteTeamCountry "CRI"]
[BlackTeamCountry "CRI"]

1. d4 d5 2. c4 c6 3. Nc3 Nf6 4. Nf3 dxc4 5. e3 b5 6. a4 b4 7. Na2 e6 8. Bxc4 a5 9. 0-0 Nbd7 10. Qe2 Be7 11. Bd2 0-0 12. Nc1 c5 13. Nb3 Nb6 14. Bb5 c4 15. Nc5 Qc7 16. e4 Nfd7 17. Nxd7 Bxd7 18. Ne5 Bxb5 19. axb5 Bd6 20. Nc6 Qd7 21. Be3 Bc7 22. d5 exd5 23. Bxb6 Bxb6 24. exd5 Rfe8 25. Qxc4 Qf5 26. d6 Kf8 27. Ne7 Qc5 28. Qd3 g6 29. Nc6 Re6 30. Rad1 Rf6 31. d7 Bd8 32. Kh1 Rxf2 33. Rxf2 Qxf2 34. Qd6+ Kg7 35. Nxd8 Rxd8 36. b6 Qxb2 37. b7 Qe2 38. Qd4+ f6 39. Qd6 b3 40. Rb1 Qe4 41. Rf1 Qe2 42. Qxf6+ Kh6 43. Rg1 Rxd7 1-0

[Event "CRI-chT"]
[Site "San Jose"]
[Date "2012.07.22"]
[Round "1.3"]
[White "Munoz, Carolina"]
[Black "Leyva, Hector"]
[Result "0-1"]
[WhiteElo "1994"]
[BlackElo "2389"]
[PlyCount "94"]
[EventDate "2012.07.22"]
[EventType "team-tourn"]
[EventRounds "9"]
[EventCountry "CRI"]
[SourceTitle "EXT 2013"]
[Source "ChessBase"]
[SourceDate "2012.11.22"]
[SourceVersion "1"]
[SourceVersionDate "2012.11.22"]
[SourceQuality "1"]
[WhiteTeam "Costa Rica Selection (W)"]
[BlackTeam "MegaSuper"]
[WhiteTeamCountry "CRI"]
[BlackTeamCountry "CRI"]

1. e4 e5 2. d4 d6 3. dxe5 dxe5 4. Qxd8+ Kxd8 5. Bc4 f6 6. Nc3 c6 7. a4 a5 8. Be3 Kc7 9. 0-0-0 Nd7 10. Nge2 b6 11. h4 Bc5 12. Bxc5 Nxc5 13. h5 Be6 14. Bxe6 Nxe6 15. Rh3 Nh6 16. Rhd3 Rad8 17. Rxd8 Nxd8 18. f3 Ne6 19. Nb1 Nf7 20. Nd2 Rg8 21. Nc4 Nf4 22. Nxf4 exf4 23. g3 fxg3 24. Rg1 Ne5 25. Nd2 g5 26. Rxg3 Rf8 27. Nf1 Kd6 28. Ne3 Ke6 29. b3 Rd8 30. Ng2 Rd4 31. f4 Nf7 32. fxg5 fxg5 33. Ne3 Rxe4 34. Nc4 h6 35. Nxb6 Ne5 36. Kd2 Rb4 37. Nc4 Nxc4+ 38. bxc4 Rxc4 39. Re3+ Kf6 40. Rf3+ Ke5 41. Re3+ Re4 42. Rc3 Kd5 43. Rf3 Rf4 44. Re3 Rxa4 45. Re7 Rh4 46. Ra7 Rxh5 47. Rxa5+ c5 0-1

[Event "Kuna Arandu (Women)"]
[Site "Luque"]
[Date "2012.06.10"]
[Round "5"]
[White "Martinez, Ayelen"]
[Black "Munoz, Carolina"]
[Result "1/2-1/2"]
[WhiteElo "2107"]
[BlackElo "1994"]
[PlyCount "62"]
[EventDate "2012.06.05"]
[EventType "tourn"]
[EventRounds "9"]
[EventCountry "PAR"]
[SourceTitle "CBM 148 Extra"]
[Source "ChessBase"]
[SourceDate "2012.06.22"]
[SourceVersion "1"]
[SourceVersionDate "2012.06.22"]
[SourceQuality "1"]

1. d4 d5 2. c4 c6 3. Nf3 Nf6 4. e3 Bg4 5. h3 Bxf3 6. Qxf3 e6 7. Nc3 Nbd7 8. Bd2 Bb4 9. Bd3 0-0 10. 0-0-0 dxc4 11. Bxc4 Nb6 12. Bd3 Nbd5 13. Nxd5 Bxd2+ 14. Rxd2 cxd5 15. Kb1 Rc8 16. g4 Qa5 17. Rdd1 Rc6 18. g5 Ne4 19. Bxe4 dxe4 20. Qxe4 Ra6 21. a3 Rb6 22. Qd3 Qxg5 23. h4 Qa5 24. h5 Rc8 25. Rc1 Rxc1+ 26. Rxc1 Rc6 27. Rxc6 bxc6 28. Qe2 h6 29. e4 Qb6 30. Qd2 Qb5 31. Qd1 Qc4 1/2-1/2

[Event "Managua Hurtado Memorial 12th"]
[Site "Managua"]
[Date "2011.12.27"]
[Round "3"]
[White "Munoz, Carolina"]
[Black "Madrigal, Mariano"]
[Result "1/2-1/2"]
[WhiteElo "2017"]
[BlackElo "2102"]
[PlyCount "141"]
[EventDate "2011.12.26"]
[EventType "swiss"]
[EventRounds "9"]
[EventCountry "NCA"]
[SourceTitle "EXT 2013"]
[Source "ChessBase"]
[SourceDate "2012.11.22"]
[SourceVersion "1"]
[SourceVersionDate "2012.11.22"]
[SourceQuality "1"]

1. e4 c5 2. Nf3 Nc6 3. Bb5 g6 4. Bxc6 dxc6 5. d3 Bg7 6. Nc3 Bg4 7. h3 Bxf3 8. Qxf3 Nf6 9. 0-0 Nd7 10. Be3 e5 11. Qg3 Qe7 12. Kh1 Nf8 13. f4 exf4 14. Bxf4 Rd8 15. Qe3 Ne6 16. Bh6 0-0 17. Bxg7 Kxg7 18. Rae1 Nd4 19. Qf2 Qe5 20. Re3 Rd6 21. Qd2 c4 22. b3 cxd3 23. cxd3 Rfd8 24. Ne2 Nxe2 25. Qxe2 c5 26. Qf2 f6 27. Rf3 b6 28. Rd1 Rd4 29. Rf1 R4d6 30. Rd1 a6 31. Qc2 Rd4 32. Rdf1 R8d6 33. Rc1 Qg5 34. Rcf1 b5 35. R1f2 Qe5 36. g3 h5 37. h4 c4 38. dxc4 bxc4 39. bxc4 Rxe4 40. c5 Re1+ 41. Rf1 Rxf1+ 42. Rxf1 Rc6 43. Qb3 Qe4+ 44. Qf3 Qxf3+ 45. Rxf3 Rxc5 46. a3 Rc2 47. Rb3 Ra2 48. Rb7+ Kh6 49. Rb6 Rxa3 50. Rxf6 Rxg3 51. Kh2 Ra3 52. Rb6 Kg7 53. Rc6 a5 54. Ra6 a4 55. Kg2 Kf7 56. Kh2 Ra1 57. Kg2 a3 58. Kh2 a2 59. Kg2 Ke7 60. Kh2 Kd7 61. Kg2 Kc7 62. Kh2 Kb7 63. Ra5 Kb6 64. Ra8 Kc5 65. Kg2 Kd4 66. Ra3 Ke4 67. Ra4+ Ke3 68. Ra3+ Ke2 69. Ra8 Kd3 70. Ra3+ Kc4 71. Ra8 1/2-1/2

[Event "CRI-ch"]
[Site "San Jose"]
[Date "2011.10.26"]
[Round "9"]
[White "Munoz, Carolina"]
[Black "Arias Santana, Mauricio"]
[Result "0-1"]
[WhiteElo "2017"]
[BlackElo "2327"]
[PlyCount "68"]
[EventDate "2011.10.18"]
[EventType "tourn"]
[EventRounds "11"]
[EventCountry "CRI"]
[SourceTitle "EXT 2012"]
[Source "ChessBase"]
[SourceDate "2011.11.24"]
[SourceVersion "1"]
[SourceVersionDate "2011.11.24"]
[SourceQuality "1"]

1. e4 c5 2. Nf3 g6 3. Bc4 Bg7 4. c3 e6 5. 0-0 Ne7 6. d4 cxd4 7. cxd4 d5 8. Bb5+ Bd7 9. Bxd7+ Qxd7 10. e5 h6 11. Nc3 Nbc6 12. h4 Nf5 13. g3 Qd8 14. Re1 Bf8 15. Bf4 Be7 16. Qd2 g5 17. hxg5 hxg5 18. Nxg5 Ncxd4 19. Kg2 Rg8 20. Rh1 Rc8 21. Rh5 Nc6 22. Re1 Qa5 23. Qe2 Ncd4 24. Qd3 Qb4 25. Nf3 Nxf3 26. Kxf3 Qxb2 27. Nxd5 Nd4+ 28. Kg2 exd5 29. Qh7 Rg6 30. Rhh1 Ne6 31. Bc1 Rxc1 32. Rxc1 Nf4+ 33. Kf3 Qe2+ 34. Kxf4 Qe4# 0-1

[Event "CRI-ch"]
[Site "San Jose"]
[Date "2011.10.25"]
[Round "8"]
[White "Bermudez Munoz, Alexander"]
[Black "Munoz, Carolina"]
[Result "1/2-1/2"]
[WhiteElo "2064"]
[BlackElo "2017"]
[PlyCount "40"]
[EventDate "2011.10.18"]
[EventType "tourn"]
[EventRounds "11"]
[EventCountry "CRI"]
[SourceTitle "EXT 2012"]
[Source "ChessBase"]
[SourceDate "2011.11.24"]
[SourceVersion "1"]
[SourceVersionDate "2011.11.24"]
[SourceQuality "1"]

1. d4 d5 2. c4 c6 3. Nf3 Nf6 4. Qc2 dxc4 5. Qxc4 Be6 6. Qd3 Bd5 7. Nc3 Bxf3 8. gxf3 e6 9. e4 Be7 10. Rg1 g6 11. Bh6 Na6 12. a3 Qb6 13. 0-0-0 0-0-0 14. Qc4 Kb8 15. Bf4+ Ka8 16. Qa4 Nc7 17. Qc2 Rd7 18. e5 Nh5 19. Be3 Nd5 20. Na4 Qc7 1/2-1/2

[Event "CRI-ch"]
[Site "San Jose"]
[Date "2011.10.24"]
[Round "7"]
[White "Munoz, Carolina"]
[Black "Valdes Romero, Leonardo"]
[Result "0-1"]
[WhiteElo "2017"]
[BlackElo "2387"]
[PlyCount "66"]
[EventDate "2011.10.18"]
[EventType "tourn"]
[EventRounds "11"]
[EventCountry "CRI"]
[SourceTitle "EXT 2012"]
[Source "ChessBase"]
[SourceDate "2011.11.24"]
[SourceVersion "1"]
[SourceVersionDate "2011.11.24"]
[SourceQuality "1"]

1. e4 d6 2. d4 Nf6 3. Nc3 Nbd7 4. f4 e5 5. Be3 c6 6. Qf3 Qa5 7. 0-0-0 b5 8. Kb1 b4 9. Nce2 Be7 10. Nc1 Qc7 11. g4 h5 12. gxh5 exd4 13. Rxd4 c5 14. Rd1 Bb7 15. Bg2 Bxe4 16. Qe2 Qb7 17. Nf3 Kf8 18. Rhg1 Re8 19. Ng5 Bxg2 20. Rxg2 Nd5 21. Qg4 Bf6 22. Rxd5 Qxd5 23. Qxd7 Rxe3 24. Rd2 Bd4 25. c3 Re7 26. Qd8+ Re8 27. Qd7 f6 28. cxd4 fxg5 29. fxg5 Qe6 30. Rf2+ Kg8 31. Qxa7 Rxh5 32. dxc5 Qg6+ 33. Ka1 Re1 0-1

[Event "CRI-ch"]
[Site "San Jose"]
[Date "2010.08.09"]
[Round "13"]
[White "Duran Vega, Sergio"]
[Black "Munoz, Carolina"]
[Result "1/2-1/2"]
[WhiteElo "2156"]
[BlackElo "2033"]
[PlyCount "133"]
[EventDate "2010.07.26"]
[EventType "tourn"]
[EventRounds "13"]
[EventCountry "CRI"]
[SourceTitle "CBM 137 Extra"]
[Source "ChessBase"]
[SourceDate "2010.09.01"]
[SourceVersion "1"]
[SourceVersionDate "2010.09.01"]
[SourceQuality "1"]

1. e4 c5 2. Nf3 d6 3. d4 cxd4 4. Nxd4 Nf6 5. Nc3 a6 6. Bg5 e6 7. f4 Nc6 8. Nxc6 bxc6 9. e5 h6 10. Bh4 g5 11. fxg5 Nd5 12. Ne4 Qb6 13. Bd3 hxg5 14. Bg3 Nf4 15. Bxf4 gxf4 16. Qg4 Qxb2 17. Nf6+ Kd8 18. 0-0 Qxe5 19. Qxf4 Qxf4 20. Rxf4 e5 21. Rb4 Bg7 22. Rf1 Ke7 23. Ne4 a5 24. Rbb1 f5 25. Ng3 e4 26. Be2 Kd8 27. Nh5 Be5 28. g3 Kc7 29. Rb3 Bd7 30. Nf4 Rhg8 31. Ra3 Rgb8 32. h4 Bb2 33. Rb3 Rxb3 34. axb3 Bg7 35. h5 d5 36. Kg2 Kd6 37. Kh3 Bh6 38. Ng6 Kc5 39. Ne5 Be6 40. Kh4 Rg8 41. Ng6 Kd4 42. g4 fxg4 43. Rf6 Bd7 44. Bxg4 Bxg4 45. Kxg4 c5 46. Kh4 Re8 47. Kg4 e3 48. Nh4 Bg7 49. Nf3+ Kc3 50. Rg6 Bh8 51. Rc6 Bd4 52. h6 e2 53. h7 Bf2 54. Re6 Rxe6 55. h8Q+ Bd4 56. Qh1 Bf2 57. Kf5 e1Q 58. Nxe1 Rxe1 59. Qf3+ Be3 60. Qxd5 Kxc2 61. Qc4+ Kb2 62. Qb5 Bd4 63. Kf4 Re3 64. Qxa5 Rxb3 65. Qd2+ Ka3 66. Qa5+ Kb2 67. Qd2+ 1/2-1/2

[Event "CRI-ch"]
[Site "San Jose"]
[Date "2010.07.28"]
[Round "3"]
[White "Munoz, Carolina"]
[Black "Alvarez Hernandez, David"]
[Result "1/2-1/2"]
[WhiteElo "2033"]
[BlackElo "1954"]
[PlyCount "40"]
[EventDate "2010.07.26"]
[EventType "tourn"]
[EventRounds "13"]
[EventCountry "CRI"]
[SourceTitle "CBM 137 Extra"]
[Source "ChessBase"]
[SourceDate "2010.09.01"]
[SourceVersion "1"]
[SourceVersionDate "2010.09.01"]
[SourceQuality "1"]

1. e4 e5 2. d4 exd4 3. Nf3 Nc6 4. Nxd4 Nf6 5. Nxc6 bxc6 6. e5 Qe7 7. Qe2 Nd5 8. g3 g6 9. Bg2 Bg7 10. 0-0 0-0 11. Re1 a5 12. c4 Ba6 13. b3 Rfe8 14. Bb2 f6 15. Qe4 f5 16. Qc2 Nb6 17. f4 Rab8 18. Nd2 Qc5+ 19. Kh1 a4 20. Qc3 Nc8 1/2-1/2

[Event "CRI-ch"]
[Site "San Jose"]
[Date "2010.07.26"]
[Round "1"]
[White "Munoz, Carolina"]
[Black "Duran Vega, Andres"]
[Result "0-1"]
[WhiteElo "2033"]
[BlackElo "1993"]
[PlyCount "94"]
[EventDate "2010.07.26"]
[EventType "tourn"]
[EventRounds "13"]
[EventCountry "CRI"]
[SourceTitle "CBM 137 Extra"]
[Source "ChessBase"]
[SourceDate "2010.09.01"]
[SourceVersion "1"]
[SourceVersionDate "2010.09.01"]
[SourceQuality "1"]

1. e4 c5 2. Nf3 d6 3. Bb5+ Bd7 4. Bxd7+ Qxd7 5. 0-0 Nf6 6. e5 Nd5 7. d4 e6 8. c4 Nc7 9. Re1 d5 10. cxd5 Nxd5 11. Nc3 Nc6 12. Bg5 h6 13. Bh4 Nxc3 14. bxc3 cxd4 15. Nxd4 Nxd4 16. cxd4 Bb4 17. Re3 g5 18. Bg3 Rd8 19. Rd3 Bc5 20. Qg4 Be7 21. h4 Qd5 22. h5 b5 23. Qd1 0-0 24. f4 a5 25. Qd2 Qe4 26. Re1 Qf5 27. Rf1 g4 28. Qe2 Kh7 29. Be1 b4 30. Bd2 Rg8 31. g3 Rd5 32. Rc1 Rgd8 33. Be3 Qe4 34. Qd2 a4 35. Rd1 Bc5 36. Qg2 Qf5 37. Qb2 b3 38. axb3 a3 39. Qb1 Kg7 40. b4 Bxd4 41. Bxd4 Rxd4 42. Rxd4 Rxd4 43. Rf1 Rd3 44. Qe1 a2 45. Kg2 Rb3 46. Qa1 Qe4+ 47. Kh2 Qe2+ 0-1

[Event "CRI-ch Phase 1.1"]
[Site "San Jose"]
[Date "2009.02.16"]
[Round "9"]
[White "Castro Madrigal, Randall"]
[Black "Munoz, Carolina"]
[Result "1/2-1/2"]
[WhiteElo "2135"]
[BlackElo "2026"]
[PlyCount "20"]
[EventDate "2009.01.31"]
[EventType "swiss"]
[EventRounds "9"]
[EventCountry "CRI"]
[SourceTitle "EXT 2024"]
[Source "ChessBase"]
[SourceDate "2023.10.10"]
[SourceVersion "1"]
[SourceVersionDate "2023.10.10"]
[SourceQuality "1"]

1. c4 c5 2. Nc3 Nc6 3. g3 g6 4. Bg2 Bg7 5. d3 d6 6. e4 e5 7. Nge2 Nge7 8. 0-0 0-0 9. Be3 h6 10. Qd2 Kh7 1/2-1/2

[Event "Olympiad Women-38"]
[Site "Dresden"]
[Date "2008.11.21"]
[Round "8"]
[White "Al Khelaifi, Salama"]
[Black "Munoz, Carolina"]
[Result "1/2-1/2"]
[WhiteElo "1707"]
[BlackElo "2026"]
[PlyCount "71"]
[EventDate "2008.11.13"]
[EventType "team-swiss"]
[EventRounds "11"]
[EventCountry "GER"]
[SourceTitle "CBM 128"]
[Source "ChessBase"]
[SourceDate "2009.01.28"]
[SourceVersion "1"]
[SourceVersionDate "2009.01.28"]
[SourceQuality "1"]
[WhiteTeam "Qatar (W)"]
[BlackTeam "Costa Rica (W)"]
[WhiteTeamCountry "QAT"]
[BlackTeamCountry "CRI"]

1. d4 d5 2. Nc3 Nf6 3. Bg5 Nbd7 4. Qd3 h6 5. Bxf6 Nxf6 6. e4 dxe4 7. Nxe4 e6 8. 0-0-0 Nxe4 9. Qxe4 Qd5 10. Qxd5 exd5 11. Nf3 Be6 12. Bd3 0-0-0 13. Rhe1 Bd6 14. Ne5 Rhe8 15. c3 c6 16. Bc2 f6 17. Nf3 Bg4 18. h3 Bf4+ 19. Kb1 Bxf3 20. gxf3 Bg5 21. Bf5+ Kc7 22. Bg6 Rxe1 23. Rxe1 Bd2 24. Re2 Bf4 25. Bf5 Bd6 26. Kc2 Rf8 27. Kd3 Rf7 28. Bg6 Re7 29. Re3 Kd8 30. Bf5 Bf4 31. Rxe7 Kxe7 32. b3 Kd6 33. Ke2 c5 34. Kd3 cxd4 35. cxd4 Bg5 36. Ke2 1/2-1/2